<?xml version="1.0" encoding="UTF-8"?>
<record
    xmlns:xsi="http://www.w3.org/2001/XMLSchema-instance"
    xsi:schemaLocation="http://www.loc.gov/MARC21/slim http://www.loc.gov/standards/marcxml/schema/MARC21slim.xsd"
    xmlns="http://www.loc.gov/MARC21/slim">

  <leader>01210nam a2200193Ia 4500</leader>
  <controlfield tag="008">120626s9999    mx            000 0 spa d</controlfield>
  <datafield tag="020" ind1=" " ind2=" ">
    <subfield code="a">9688530425</subfield>
  </datafield>
  <datafield tag="050" ind1=" " ind2=" ">
    <subfield code="a">BF723.C68 </subfield>
    <subfield code="b">P52 1985 </subfield>
  </datafield>
  <datafield tag="100" ind1=" " ind2=" ">
    <subfield code="a">Piaget, Jean </subfield>
    <subfield code="d">1896 - 1980</subfield>
    <subfield code="e">autor</subfield>
  </datafield>
  <datafield tag="245" ind1=" " ind2=" ">
    <subfield code="a">Epistemolog&#xED;a y psicolog&#xED;a de la identidad</subfield>
    <subfield code="c"> / Jean Piaget, Hermine Siclair y Vinh Bang; con la colaboraci&#xF3;n de Magali Bovet ... [y otros.] ; traducci&#xF3;n de Marie Th&#xE9;rese Cevasco</subfield>
  </datafield>
  <datafield tag="260" ind1=" " ind2=" ">
    <subfield code="a">M&#xE9;xico</subfield>
    <subfield code="b">: Paid&#xF3;s</subfield>
    <subfield code="c">1985 reipmresi&#xF3;n</subfield>
  </datafield>
  <datafield tag="300" ind1=" " ind2=" ">
    <subfield code="a">185 p&#xE1;ginas</subfield>
  </datafield>
  <datafield tag="490" ind1=" " ind2=" ">
    <subfield code="a">Biblioteca psicologias del siglo XX</subfield>
  </datafield>
  <datafield tag="505" ind1=" " ind2=" ">
    <subfield code="a">1 Investigaci&#xF3;n sobre la identidad de un cuerpo en desarrollo y sobre la del movimiento transitivo  
2 Funciones e identidad en la explicaci&#xF3;n del movimiento de las gotas de agua  
3 Exploraci&#xF3;n acerca de la identidad, las formas de equivalencia y la conservaci&#xF3;n de la rotaci&#xF3;n de un cuadrado  
4 El problema de la identidad en la presentaci&#xF3;n de figuras diferentes en una situaci&#xF3;n de movimiento estrobosc&#xF3;pico  
5 Movimiento aparente e identidad aparente  
6 La identidad y la casualidad </subfield>
  </datafield>
  <datafield tag="519" ind1=" " ind2=" ">
    <subfield code="a">Material complementario</subfield>
    <subfield code="d">(11 000080)</subfield>
  </datafield>
  <datafield tag="650" ind1=" " ind2="0">
    <subfield code="a">MEMORIA</subfield>
  </datafield>
  <datafield tag="650" ind1=" " ind2="0">
    <subfield code="a">NI&#xD1;OS</subfield>
    <subfield code="x">CRECIMIENTO</subfield>
  </datafield>
  <datafield tag="942" ind1=" " ind2=" ">
    <subfield code="c">LB</subfield>
    <subfield code="2">lcc</subfield>
  </datafield>
  <datafield tag="952" ind1=" " ind2=" ">
    <subfield code="0">0</subfield>
    <subfield code="1">0</subfield>
    <subfield code="4">0</subfield>
    <subfield code="7">0</subfield>
    <subfield code="a">11</subfield>
    <subfield code="b">11</subfield>
    <subfield code="d">2007-01-08</subfield>
    <subfield code="l">10</subfield>
    <subfield code="o">BF723.C68 P52</subfield>
    <subfield code="p">11 000080</subfield>
    <subfield code="r">2019-05-29</subfield>
    <subfield code="s">2019-05-29</subfield>
    <subfield code="t">1</subfield>
    <subfield code="w">2012-06-26</subfield>
    <subfield code="y">LB</subfield>
  </datafield>
  <datafield tag="999" ind1=" " ind2=" ">
    <subfield code="c">68253</subfield>
    <subfield code="d">68253</subfield>
  </datafield>
</record>
